Stati con più Cristiani in America del Nord - Statistics

Statistiche generali
  • Questo quiz è stato fatto 16 volte
  • Il punteggio medio è 9 su 10
Statistiche sulle risposte
Cristiani (in numeri assoluti) Stato % Corretto
22 103 000 Canada
100%
107 780 000 Messico
100%
227 590 000 Stati Uniti
100%
14 018 000 Guatemala
91%
9 597 000 Haiti
91%
6 660 000 Honduras
91%
5 127 000 Nicaragua
91%
9 734 000 Repubblica Dominicana
91%
6 670 000 Cuba
82%
5 073 000 El Salvador
82%
Nessun quiz corrispondente trovato
Distribuzione punteggi
Percentuale di utenti per punteggio
Percentile per numero di risposta
I tuoi punteggi nel tempo
Non hai fatto questo quiz